00342nam a22001457a 450000500170000000800410001708200190005810000160007724500300009326000190012330000080014250000180015065000120016870000160018020231024185434.0231024b |||||||| |||| 00| 0 eng d a362.104bALA-E aNaveed Alam aExcel Community Medicine  aPakistanc2015 a457 aInclude Index aMedical aNaveed Alam